[Event "Cheliabinsk Panchenko Memorial op-A"]
[Site "Cheliabinsk"]
[Date "2021.09.21"]
[Round "10"]
[White "Zverev, Lev"]
[Black "Sychov, Alexandr"]
[Result "1-0"]
[WhiteElo "2163"]
[BlackElo "1828"]
[PlyCount "47"]
[EventDate "2021.09.13"]
[EventType "swiss"]
[EventRounds "10"]
[EventCountry "RUS"]
[SourceTitle "CBM 204 Extra"]
[Source "ChessBase"]
[SourceDate "2021.11.30"]
[SourceVersion "1"]
[SourceVersionDate "2021.11.30"]
[SourceQuality "1"]

1. e4 d5 2. exd5 Qxd5 3. Nc3 Qa5 4. d4 Nf6 5. Nf3 c6 6. Bc4 Bf5 7. Bd2 e6 8. Nd5 Qd8 9. Nxf6+ gxf6 10. Bb3 Rg8 11. Qe2 Be7 12. 0-0-0 Nd7 13. Nh4 Bg6 14. Rhe1 Qc7 15. g4 0-0-0 16. f4 f5 17. Nxf5 exf5 18. Qxe7 fxg4 19. f5 Bxf5 20. Bxf7 Rg7 21. Bg5 Nf8 22. Qxc7+ Kxc7 23. Bxd8+ Kd7 24. Bh5 1-0

[Event "Cheliabinsk Panchenko Memorial op-A"]
[Site "Cheliabinsk"]
[Date "2021.09.15"]
[Round "3"]
[White "Radzhabov, Rodion"]
[Black "Sychov, Alexandr"]
[Result "1-0"]
[WhiteElo "2370"]
[BlackElo "1828"]
[PlyCount "105"]
[EventDate "2021.09.13"]
[EventType "swiss"]
[EventRounds "10"]
[EventCountry "RUS"]
[SourceTitle "CBM 204 Extra"]
[Source "ChessBase"]
[SourceDate "2021.11.30"]
[SourceVersion "1"]
[SourceVersionDate "2021.11.30"]
[SourceQuality "1"]

1. e4 d5 2. exd5 Qxd5 3. Nc3 Qa5 4. d4 Nf6 5. Bc4 c6 6. Bd2 Bf5 7. Nd5 Qd8 8. Nxf6+ exf6 9. c3 Bd6 10. Ne2 0-0 11. 0-0 Nd7 12. Ng3 Bxg3 13. hxg3 Nb6 14. Bb3 Qd7 15. Re1 Rfe8 16. Qh5 g6 17. Qh4 g5 18. Qh5 Bg6 19. Qf3 Qf5 20. a4 Qxf3 21. gxf3 Bd3 22. Be3 Nd5 23. Rad1 Bf5 24. Bd2 Nc7 25. c4 Rad8 26. Rxe8+ Rxe8 27. d5 Na6 28. Be3 c5 29. a5 Bd7 30. Kg2 Kg7 31. g4 Rh8 32. Rh1 Rc8 33. Bc2 h6 34. Be4 Nb4 35. b3 b6 36. axb6 axb6 37. Ra1 h5 38. Ra7 Rd8 39. Rb7 hxg4 40. fxg4 Bxg4 41. Rxb6 Re8 42. Bf3 Bxf3+ 43. Kxf3 Nc2 44. Bxc5 Ne1+ 45. Kg3 Re4 46. Bb4 Nd3 47. Bc3 Rf4 48. f3 Ne5 49. Bxe5 fxe5 50. c5 Kf8 51. c6 Rd4 52. Rb8+ Kg7 53. c7 1-0